00526nam a2200169Ia 4500003000400000005001700004008004100021020002900062040001700091082001800108100002400126245010600150260003300256300001100289650002800300700002800328IIN20240205114923.0231217s9999 xx 000 0 und d cRs.250.00a9789354518584 aIINbEnglish a428.0077bNAI1 aNaidu, Vijaylakshmi 2aA Textbook of Communicative English: bfor B.Sc Nursing /cVijaylakshmi Naidu & Perpetua R. Farnandes bNirali PrakashanaPunec2023 a7.20p.1 aEnglishvCommunicative 1 aFarnandes, Perpetua R.